Normal view
MARC view
- Foundation Design
Entry Topical Term
001 - CONTROL NUMBER
- control field: 556
003 - CONTROL NUMBER IDENTIFIER
- control field: NUST
005 - DATE AND TIME OF LATEST TRANSACTION
- control field: 20170511165216.0
008 - FIXED-LENGTH DATA ELEMENTS
- fixed length control field: 170511|| aca||aabn | a|a d
040 ## - CATALOGING SOURCE
- Original cataloging agency: NUST
- Transcribing agency: NUST
150 ## - HEADING--TOPICAL TERM
- Topical term or geographic name entry element: Foundation Design
670 ## - SOURCE DATA FOUND
- Source citation: Work cat.: (NUST)1141: Som,N.N. 555, Theory and Practice of Foundation Design /, Prentice Hall of India
